[Event "25th Czech Open A 2014"]
[Site "Pardubice CZE"]
[Date "2014.07.24"]
[Round "7.53"]
[White "Druska, Juraj"]
[Black "Zhylkaidarova, Sholpan"]
[Result "1/2-1/2"]
[WhiteTitle "FM"]
[WhiteElo "2355"]
[BlackElo "2069"]
[WhiteFideId "14915650"]
[BlackFideId "13700138"]
[EventDate "2014.07.18"]

1. d4 Nf6 2. Nf3 e6 3. e3 c5 4. Bd3 d5 5. b3 Nc6 6. Bb2 Bd6 7. Nbd2 O-O 8. O-O
b6 9. Ne5 Bb7 10. f4 Ne7 11. Qf3 Rc8 12. c3 Rc7 13. Rad1 Qa8 14. Qh3 Ne4 15.
Nxe4 dxe4 16. Bb1 b5 17. Nd7 Rxd7 18. dxc5 Bxc5 19. Rxd7 Nf5 20. Bc1 Bd5 21. g4
Nh6 22. Rd1 Qc8 23. g5 Qxd7 24. Bxe4 Qc7 25. Bxd5 Nf5 26. Kg2 Bxe3 27. Bxe3 Qxc3
28. Bf2 Qc2 29. Qd3 Ne3+ 30. Qxe3 Qxd1 31. Bf3 Qd6 32. Qd4 Qxd4 33. Bxd4 Rd8 34.
Be3 Rc8 35. Be4 f5 36. gxf6 gxf6 37. Kf2 Kf7 38. Ke2 f5 39. Bd3 Rg8 40. Kf2 a6
41. a4 bxa4 42. bxa4 a5 43. Bb5 Rc8 44. Bb6 Rc2+ 45. Kf1 Rxh2 46. Bxa5 Ra2 47.
Bb6 Rb2 48. Bd4 Ra2 49. Bc3 Ra3 50. Bd2 Ra2 51. Bc3 Ra3 52. Be1 Rf3+ 53. Bf2
Rxf4 54. a5 Rb4 55. Bc6 Rb1+ 56. Kg2 Ra1 57. Bb6 Ra3 58. Bd8 Rd3 59. Bb6 Ra3 60.
Bd8 Rd3 61. Bh4 Ra3 62. Be1 Ra1 63. Bb4 Rb1 64. Bd6 Ra1 65. Bb4 Rb1 66. Bd6 1/2-1/2

[Event "25th Czech Open A 2014"]
[Site "Pardubice CZE"]
[Date "2014.07.24"]
[Round "7.54"]
[White "Dourerassou, Jonathan"]
[Black "Kozusek, Daniel"]
[Result "1/2-1/2"]
[WhiteTitle "IM"]
[WhiteElo "2515"]
[BlackElo "2083"]
[WhiteFideId "628050"]
[BlackFideId "349500"]
[EventDate "2014.07.18"]

1. e4 e6 2. d4 d5 3. Nc3 Bb4 4. e5 c5 5. Qg4 Ne7 6. dxc5 Bxc3+ 7. bxc3 Qc7 8.
Qxg7 Rg8 9. Qxh7 Nd7 10. Ne2 Nxc5 11. Be3 Bd7 12. Bxc5 Qxc5 13. Qd3 Rc8 14. Nd4
Ng6 15. Nb3 Qc7 16. O-O-O Nxe5 17. Qe3 Qxc3 18. Qxc3 Rxc3 19. h4 Ng4 20. Rd2 f5
21. Kb2 Rc7 22. Nd4 a6 23. g3 Kf7 24. Nf3 Kf6 25. Bh3 Rgc8 26. Re1 Ba4 27. Ree2
Bb5 28. Re1 1/2-1/2

[Event "25th Czech Open A 2014"]
[Site "Pardubice CZE"]
[Date "2014.07.24"]
[Round "7.55"]
[White "Boruchovsky, Avital"]
[Black "Schulz, Karsten"]
[Result "1/2-1/2"]
[WhiteTitle "GM"]
[BlackTitle "FM"]
[WhiteElo "2503"]
[BlackElo "2276"]
[WhiteFideId "2800055"]
[BlackFideId "4611446"]
[EventDate "2014.07.18"]

1. e4 g6 2. d4 Bg7 3. g3 d5 4. exd5 Qxd5 5. Nf3 Bg4 6. Bg2 Nc6 7. c3 e5 8. h3
Bxf3 9. Bxf3 Qd7 10. dxe5 Qxd1+ 11. Kxd1 O-O-O+ 12. Kc2 Nxe5 13. Be2 Nf6 14. Na3
Rhe8 15. Nc4 Nc6 16. Re1 Ne4 17. Be3 f5 18. Rad1 Rxd1 19. Bxd1 Bf6 20. Nd2 Nd6
21. Be2 a6 22. a4 Nf7 23. Nf3 Nd6 24. Bd3 Re7 25. g4 Kd7 26. Rg1 Ne5 27. Nxe5+
Bxe5 28. Bg5 Rf7 29. Be3 a5 30. Rd1 fxg4 31. hxg4 Bf4 32. Bd4 b6 33. b4 Bg5 34.
bxa5 bxa5 35. Rh1 Kc6 36. Be2 Kd7 37. Kd3 Be7 38. Bd1 Bg5 39. Bb3 Re7 40. Bd5
Nf7 41. Kc2 Nd6 42. Kb3 h6 43. Bf3 Ne4 1/2-1/2

[Event "25th Czech Open A 2014"]
[Site "Pardubice CZE"]
[Date "2014.07.24"]
[Round "7.56"]
[White "Lobanov, Sergei"]
[Black "Sergeev, Vladimir"]
[Result "1-0"]
[BlackTitle "GM"]
[WhiteElo "2277"]
[BlackElo "2447"]
[WhiteFideId "24183750"]
[BlackFideId "14101076"]
[EventDate "2014.07.18"]

1. e4 e6 2. d4 d5 3. Nc3 Bb4 4. e5 c5 5. Qg4 Ne7 6. dxc5 Nbc6 7. Bd2 O-O 8.
O-O-O Ng6 9. Nf3 Bxc5 10. Qh5 Qc7 11. Nb5 Qe7 12. Kb1 a6 13. Nc3 Bd7 14. Bg5 Qe8
15. Bd3 Nd4 16. h4 Nxf3 17. gxf3 Bd4 18. Bd2 Bxf2 19. Rh2 Bc5 20. Rg2 Kh8 21.
Rh1 b5 22. Ne2 Rg8 23. Bg5 b4 24. Nf4 Bb5 25. Bxg6 fxg6 26. Qg4 h5 27. Qxe6 Kh7
28. Qxd5 Qc6 29. e6 Qxd5 30. Nxd5 Bc6 31. Rd1 Rge8 32. Re2 Bxd5 33. Rxd5 Be7 34.
f4 Kg8 35. Rd7 Kf8 36. b3 a5 37. Re4 Ra6 38. Bxe7+ Rxe7 39. Rd8+ Re8 40. e7+ Kf7
41. Rxe8 Kxe8 42. a3 Rd6 43. axb4 Rd1+ 44. Kb2 axb4 45. Rxb4 Rh1 46. Re4 Rxh4
47. b4 Rh1 48. b5 Rd1 49. b6 Rd7 50. c4 h4 51. c5 Rb7 52. Rb4 h3 53. c6 1-0

[Event "25th Czech Open A 2014"]
[Site "Pardubice CZE"]
[Date "2014.07.24"]
[Round "7.57"]
[White "Pagerka, Martin"]
[Black "Rasik, Vitezslav"]
[Result "1/2-1/2"]
[BlackTitle "IM"]
[WhiteElo "2265"]
[BlackElo "2445"]
[WhiteFideId "14911230"]
[BlackFideId "300306"]
[EventDate "2014.07.18"]

1. e4 d6 2. d4 Nf6 3. Nc3 g6 4. Be3 Bg7 5. f3 c6 6. Qd2 b5 7. O-O-O Qa5 8. Kb1
Nbd7 9. g4 Nb6 10. b3 h5 11. g5 Nfd7 12. f4 Qb4 13. Nf3 Nc4 14. Bxc4 bxc4 15. f5
cxb3 16. cxb3 c5 17. Nd5 Qxd2 18. Rxd2 Bb7 19. dxc5 dxc5 20. Rhd1 Rc8 21. Bf4
Bxd5 22. Rxd5 Nb6 23. R5d2 O-O 24. Ne5 Bxe5 25. Bxe5 c4 26. f6 exf6 27. Bxf6
cxb3 28. axb3 Rfe8 29. Rd4 Kf8 30. Kb2 Rc6 31. Ra1 Rc7 32. Rc1 Rxc1 33. Kxc1
Rc8+ 34. Kd2 Ke8 35. Kd3 Nd7 36. Rb4 Rc6 37. Bd4 a6 38. Rc4 Rd6 39. Rc8+ Ke7 40.
Ke3 Re6 41. Kf4 Rd6 42. Ke3 1/2-1/2

[Event "25th Czech Open A 2014"]
[Site "Pardubice CZE"]
[Date "2014.07.24"]
[Round "7.58"]
[White "Berchtenbreiter, Maximilian"]
[Black "Bartos, Jan"]
[Result "1-0"]
[WhiteTitle "IM"]
[BlackTitle "FM"]
[WhiteElo "2419"]
[BlackElo "2243"]
[WhiteFideId "24641120"]
[BlackFideId "315060"]
[EventDate "2014.07.18"]

1. e4 e5 2. Nf3 Nf6 3. d4 Nxe4 4. dxe5 d5 5. Nbd2 Nc5 6. Nb3 Nxb3 7. axb3 c5 8.
Bg5 Be7 9. Bxe7 Kxe7 10. Qd2 h6 11. b4 Qb6 12. c4 Qxb4 13. Qxb4 cxb4 14. cxd5
Rd8 15. Rc1 Bg4 16. Rc7+ Rd7 17. d6+ Kd8 18. Rc4 Be6 19. Rf4 Nc6 20. Bb5 a5 21.
Nd4 Nxd4 22. Rxd4 Rc8 23. Bxd7 Kxd7 24. Kd2 Rc4 25. Rxc4 Bxc4 26. Ke3 b5 27. Kd4
Kc6 28. f4 a4 29. Ra1 Kb6 30. Rxa4 1-0

[Event "25th Czech Open A 2014"]
[Site "Pardubice CZE"]
[Date "2014.07.24"]
[Round "7.59"]
[White "Gruenter, Martin"]
[Black "Feher, Adam"]
[Result "1-0"]
[WhiteElo "2249"]
[BlackElo "2398"]
[WhiteFideId "24640352"]
[BlackFideId "739081"]
[EventDate "2014.07.18"]

1. e4 e5 2. Nf3 Nc6 3. Bc4 Bc5 4. c3 Nf6 5. d3 O-O 6. Nbd2 d5 7. exd5 Nxd5 8.
Ne4 Be7 9. O-O Kh8 10. Re1 f6 11. a4 Nb6 12. Bb3 a5 13. Ng3 Nd7 14. d4 exd4 15.
Nxd4 Nxd4 16. Qxd4 Ne5 17. Qe4 Bd6 18. Nf5 Bxf5 19. Qxf5 g6 20. Qe4 Nd3 21. Rd1
Nc5 22. Qc4 Qe7 23. Bc2 Rad8 24. Be3 Qe6 25. Qh4 Qf7 26. Bd4 Nd7 27. Bb1 Bc5 28.
Ba2 Qg7 29. Be6 Bd6 30. Re1 Ne5 31. Rad1 Rfe8 32. f4 g5 33. fxg5 Rxe6 34. gxf6
Nf3+ 35. Kf2 Qxg2+ 36. Kxg2 Nxh4+ 37. Kf2 1-0

[Event "25th Czech Open A 2014"]
[Site "Pardubice CZE"]
[Date "2014.07.24"]
[Round "7.60"]
[White "Grekh, Andrey"]
[Black "Goluch, Piotr"]
[Result "1/2-1/2"]
[WhiteTitle "IM"]
[WhiteElo "2396"]
[BlackElo "2231"]
[WhiteFideId "14112418"]
[BlackFideId "1137840"]
[EventDate "2014.07.18"]

1. d4 Nf6 2. c4 d6 3. g3 e5 4. dxe5 dxe5 5. Qxd8+ Kxd8 6. Nf3 Bb4+ 7. Nbd2 Nc6
8. a3 Be7 9. b4 Nd7 10. Bb2 f6 11. Bh3 Nf8 12. Bxc8 Rxc8 13. Nh4 Ne6 14. Nb3 Ke8
15. Nf5 Rd8 16. Rd1 Rxd1+ 17. Kxd1 Kf7 18. Kc2 Rd8 19. Rd1 Rxd1 20. Kxd1 Bf8 21.
Kc2 b6 22. Ne3 Ncd8 23. Bc3 h5 24. a4 c6 25. Nd2 Nd4+ 26. Kd3 N8e6 27. Nc2 c5
28. Bxd4 exd4 29. b5 f5 30. Nb3 g6 31. a5 Bd6 32. a6 h4 33. Nd2 Ng5 34. Nf1 Ne4
35. f4 Nf2+ 36. Kd2 Ne4+ 37. Kd3 Nf2+ 1/2-1/2

[Event "25th Czech Open A 2014"]
[Site "Pardubice CZE"]
[Date "2014.07.24"]
[Round "7.61"]
[White "Mueller, Ralf1"]
[Black "Raghavi, N."]
[Result "1/2-1/2"]
[WhiteTitle "FM"]
[BlackTitle "WIM"]
[WhiteElo "2392"]
[BlackElo "2227"]
[WhiteFideId "4606612"]
[BlackFideId "5017173"]
[EventDate "2014.07.18"]

1. Nf3 Nf6 2. c4 e6 3. g3 d5 4. d4 Be7 5. Bg2 O-O 6. O-O dxc4 7. a4 Nc6 8. Qc2
Nxd4 9. Nxd4 Qxd4 10. Rd1 Qb6 11. Be3 Qb3 12. Qc1 Nd5 13. Nd2 Qb4 14. Bd4 c5 15.
Bc3 Nxc3 16. bxc3 Qb6 17. Qb1 Qc7 18. Nxc4 Rb8 19. Qe4 Bf6 20. Nd6 a6 21. Qc4
Bd7 22. a5 Be7 23. Qf4 Bc6 24. Nf5 Rfc8 25. Qxc7 Rxc7 26. Nxe7+ Rxe7 27. Bxc6
bxc6 28. Rab1 Ree8 29. Rb6 Rxb6 30. axb6 Rb8 31. Rd6 g6 32. Rxc6 a5 33. Rxc5
Rxb6 34. Rxa5 Rb1+ 35. Kg2 Rc1 36. Rc5 h5 37. Kf3 Kg7 38. h4 Kf6 39. Ke3 Kg7 40.
Rc4 Kf6 41. Kd2 Rf1 42. Rf4+ Ke7 43. Ke3 Rc1 44. Rc4 Kf6 45. Rc7 Ra1 46. Rd7 Rc1
47. Rd3 Rc2 48. Kf3 Ke5 49. Re3+ Kf5 50. Kg2 e5 51. f3 Rc1 52. Kf2 f6 53. Rd3
Ke6 54. Kg2 Rc2 55. Kf1 Rc1+ 56. Kf2 Ke7 57. Kg2 Ke6 58. g4 Rc2 59. Kf2 Rc1 60.
gxh5 gxh5 61. Rd8 Rxc3 62. Rh8 Kf7 63. Rxh5 Kg6 64. Rh8 Kg7 65. Rb8 e4 66. fxe4
Rh3 67. Rb7+ Kg6 68. Rb6 Kg7 69. e5 fxe5 70. Rb4 Kg6 71. Rb6+ Kg7 72. Re6 Rxh4
73. Rxe5 Kf6 74. Ra5 Rb4 75. Kf3 Ke6 76. e3 Kf6 77. Rd5 Ra4 78. Rh5 Ke6 79. e4
Ra1 1/2-1/2

[Event "25th Czech Open A 2014"]
[Site "Pardubice CZE"]
[Date "2014.07.24"]
[Round "7.62"]
[White "Varitski, Igor"]
[Black "Cerveny, Martin"]
[Result "0-1"]
[WhiteTitle "IM"]
[BlackTitle "FM"]
[WhiteElo "2241"]
[BlackElo "2375"]
[WhiteFideId "14102862"]
[BlackFideId "321141"]
[EventDate "2014.07.18"]

1. e4 c5 2. Nf3 d6 3. Bb5+ Nd7 4. c3 a6 5. Ba4 c4 6. O-O Qc7 7. Bc2 Ngf6 8. b3
b5 9. Re1 Bb7 10. Qe2 e6 11. Ba3 Be7 12. bxc4 bxc4 13. e5 Nxe5 14. Nxe5 dxe5 15.
Ba4+ Kf8 16. Qxe5 Qxe5 17. Rxe5 Bd5 18. Re1 Rb8 19. f3 g5 20. Kf2 g4 21. Bxe7+
Kxe7 22. Bc2 gxf3 23. gxf3 Rhg8 24. Na3 Nh5 25. Bxh7 Rg7 26. Be4 Nf4 27. Rab1
Rh8 28. h4 Rxh4 29. Rh1 Rg2+ 30. Ke3 e5 31. Rhe1 Rhh2 0-1

[Event "25th Czech Open A 2014"]
[Site "Pardubice CZE"]
[Date "2014.07.24"]
[Round "7.63"]
[White "Furman, Boris"]
[Black "Sylvan, Jacob"]
[Result "1/2-1/2"]
[WhiteTitle "FM"]
[BlackTitle "FM"]
[WhiteElo "2225"]
[BlackElo "2356"]
[WhiteFideId "4107187"]
[BlackFideId "1402137"]
[EventDate "2014.07.18"]

1. d4 Nf6 2. c4 g6 3. Nc3 Bg7 4. Nf3 O-O 5. Bg5 c5 6. d5 h6 7. Bh4 d6 8. e3 g5
9. Bg3 Nh5 10. Nd2 Nxg3 11. hxg3 f5 12. f4 e5 13. dxe6 Bxe6 14. Qc2 Nc6 15. a3
a6 16. Bd3 g4 17. Kf2 Rb8 18. Rh5 Ne7 19. Nd5 Bxd5 20. cxd5 Qd7 21. Rah1 b5 22.
e4 c4 23. Be2 Rbc8 24. Nf1 Qa7+ 25. Ke1 Qd4 26. Rxh6 Bxh6 27. Rxh6 Rf6 28. Rh5
Re8 29. Qc3 Qxc3+ 30. bxc3 Kg7 31. Ne3 1/2-1/2

[Event "25th Czech Open A 2014"]
[Site "Pardubice CZE"]
[Date "2014.07.24"]
[Round "7.64"]
[White "Schwarz, Dusan"]
[Black "Pulpan, Jakub"]
[Result "1/2-1/2"]
[WhiteElo "2352"]
[BlackElo "2218"]
[WhiteFideId "14903890"]
[BlackFideId "302759"]
[EventDate "2014.07.18"]

1. d4 Nf6 2. c4 e6 3. Nc3 Bb4 4. f3 O-O 5. a3 Bxc3+ 6. bxc3 Nh5 7. Nh3 f5 8. Bg5
Qe8 9. g4 fxg4 10. fxg4 Nf6 11. Qd3 d6 12. Nf2 e5 13. Bxf6 Rxf6 14. Bg2 Nc6 15.
O-O Bd7 16. Bd5+ Kh8 17. Ne4 Rxf1+ 18. Rxf1 Qg6 19. h3 exd4 20. cxd4 Re8 21. Qf3
h6 22. Qf8+ Kh7 23. Bf7 Qxg4+ 24. hxg4 Rxf8 25. Bg6+ Kxg6 26. Rxf8 Nxd4 27. Kf2
Bxg4 28. e3 Ne6 29. Ra8 a6 30. Ra7 Bf5 31. Ng3 Nc5 32. Nxf5 Kxf5 33. Ra8 Nd3+
34. Ke2 Ne5 35. Ra7 Nxc4 36. Rxb7 Nxa3 37. Rxc7 g5 38. Rc6 Nb5 39. Rxa6 Ke6 40.
Kf3 Nc7 41. Ra7 Nd5 42. Rh7 Nf6 43. Rxh6 Kf5 44. Rh8 d5 45. Ra8 Ke5 46. Ra5 Kf5
47. e4+ Ke5 48. exd5 Nxd5 49. Kg4 Ke4 50. Kxg5 Ke5 51. Ra1 Ne3 52. Re1 Ke4 53.
Kf6 Kf4 54. Ra1 Ke4 55. Ra4+ Kd5 56. Ra5+ Ke4 57. Ke6 Kd4 58. Ra4+ Nc4 59. Rxc4+
Kxc4 1/2-1/2

[Event "25th Czech Open A 2014"]
[Site "Pardubice CZE"]
[Date "2014.07.24"]
[Round "7.65"]
[White "Dauth, Benjamin"]
[Black "Amerkeshev, Madiyar"]
[Result "1/2-1/2"]
[WhiteTitle "FM"]
[WhiteElo "2349"]
[BlackElo "2211"]
[WhiteFideId "4688104"]
[BlackFideId "13704222"]
[EventDate "2014.07.18"]

1. e4 e5 2. Bc4 Nf6 3. d4 exd4 4. Nf3 Bb4+ 5. c3 dxc3 6. O-O O-O 7. bxc3 d5 8.
exd5 Bd6 9. Bg5 h6 10. Be3 Bg4 11. Nbd2 Nbd7 12. h3 Bh5 13. Qb3 Nb6 14. Bxb6
axb6 15. a4 Nd7 16. a5 Nc5 17. Qb5 bxa5 18. Rxa5 Qf6 19. Rxa8 Rxa8 20. Qb2 b6
21. Ra1 Rxa1+ 22. Qxa1 g5 23. Nd4 Kg7 24. Qe1 Bg6 25. Ba2 Nd3 26. Qf1 Qf4 27.
N2f3 Ne5 28. Bb3 Nxf3+ 29. Nxf3 Be4 30. Qd1 Bxf3 31. Qxf3 Qh2+ 32. Kf1 Qh1+ 33.
Ke2 Qb1 34. c4 Bb4 35. Bd1 Qa2+ 36. Kf1 Qxc4+ 37. Kg1 Bd6 38. g3 Qd4 39. Bc2 Qe5
40. Qd3 Kf8 41. Kg2 Bc5 42. Qf3 Kg7 43. Bd3 Qf6 44. Qe2 Bd4 45. Kf1 b5 46. Bxb5
Qf5 47. Kg2 Qxd5+ 48. Kg1 Qf5 49. Kg2 Qd5+ 50. Kg1 Qe5 51. Kg2 Qxe2 52. Bxe2 f5
53. f4 Kf6 54. Kf3 Bb2 55. Bd3 Bc1 56. Bc4 c6 57. Ba6 Ke6 58. Bc4+ Kd6 59. Bd3
gxf4 60. gxf4 Ke6 1/2-1/2

[Event "25th Czech Open A 2014"]
[Site "Pardubice CZE"]
[Date "2014.07.24"]
[Round "7.66"]
[White "Golubov, Saveliy"]
[Black "Travkina, Anastasia"]
[Result "1-0"]
[BlackTitle "WFM"]
[WhiteElo "2339"]
[BlackElo "2200"]
[WhiteFideId "24176729"]
[BlackFideId "24129151"]
[EventDate "2014.07.18"]

1. e4 c5 2. Nf3 d6 3. d4 cxd4 4. Nxd4 Nf6 5. Nc3 g6 6. Be3 Bg7 7. f3 Nc6 8. Qd2
O-O 9. g4 Be6 10. Nxe6 fxe6 11. O-O-O Ne5 12. Be2 Rc8 13. Nb5 Qd7 14. Nd4 Nc4
15. Bxc4 Rxc4 16. Kb1 b5 17. h4 b4 18. h5 Rfc8 19. hxg6 hxg6 20. Rc1 Kf7 21. Ne2
Qa4 22. Bd4 R4c6 23. b3 Qb5 24. g5 Nh5 25. Bxg7 Kxg7 26. Nd4 Qa5 27. Nxc6 Rxc6
28. a4 e5 29. Rce1 Rc3 30. Re3 Nf4 31. Rxc3 bxc3 32. Qh2 Nh5 33. Qg1 Qb4 34.
Qxa7 d5 35. Qc7 d4 36. Qxe5+ Kh7 37. Ka2 d3 38. Qd5 1-0

[Event "25th Czech Open A 2014"]
[Site "Pardubice CZE"]
[Date "2014.07.24"]
[Round "7.67"]
[White "Gheng, Josef"]
[Black "Cremer, Jan Paul"]
[Result "1/2-1/2"]
[WhiteTitle "FM"]
[WhiteElo "2336"]
[BlackElo "2194"]
[WhiteFideId "4618041"]
[BlackFideId "24686115"]
[EventDate "2014.07.18"]

1. c4 Nf6 2. Nf3 g6 3. g3 Bg7 4. Bg2 O-O 5. O-O d6 6. Nc3 Nc6 7. a3 a5 8. d3 e5
9. Rb1 h6 10. b4 axb4 11. axb4 Be6 12. b5 Ne7 13. Nd2 c6 14. Qb3 d5 15. Ba3 Re8
16. Rfd1 Nf5 17. bxc6 bxc6 18. Bc5 Nd7 19. Bb6 Nxb6 20. Qxb6 e4 21. Qxd8 Rexd8
22. cxd5 cxd5 23. Nxd5 Bxd5 24. dxe4 Ba2 25. exf5 Bxb1 26. Rxb1 Ra5 27. Nc4 Rxf5
28. Be4 Rc5 29. Bd3 Rdc8 30. Rb4 Ra8 31. Rb7 Rac8 32. Nd6 R5c7 33. Rb5 Rd8 34.
Ne4 Bd4 35. h4 h5 36. Kg2 Kg7 37. Ng5 Bf6 38. Nh3 Rd4 39. Kf3 Re7 40. Nf4 Rd8
41. Kg2 Be5 42. Nd5 Red7 43. Bc4 Rb8 44. Ra5 Bd4 45. Nf4 Bb6 46. Ra2 Kh6 47. Bd5
Rbd8 48. e4 Bc7 49. Nh3 Rxd5 50. exd5 Rxd5 51. Ra7 Rc5 52. Ng5 Kg7 53. Rb7 Rc6
54. Kf1 Kg8 55. Ke2 f6 56. Ne4 Kf7 57. Kd3 Ke6 58. Rb5 Bb6 59. f3 Bd8 60. Nc5+
Kf7 61. g4 Rb6 62. Rxb6 Bxb6 63. Ne4 f5 64. gxf5 gxf5 65. Ng5+ Kf6 66. f4 Bf2
67. Nf3 Bg3 68. Ke3 Kg6 69. Ne5+ Kg7 70. Nf3 Kf6 1/2-1/2

[Event "25th Czech Open A 2014"]
[Site "Pardubice CZE"]
[Date "2014.07.24"]
[Round "7.68"]
[White "Krapivin, Vladislav"]
[Black "Vykouk, Jan"]
[Result "1-0"]
[WhiteTitle "IM"]
[WhiteElo "2321"]
[BlackElo "2176"]
[WhiteFideId "4126149"]
[BlackFideId "349658"]
[EventDate "2014.07.18"]

1. e4 c5 2. Nc3 Nc6 3. g3 g6 4. Bg2 Bg7 5. d3 d6 6. f4 e5 7. Nh3 Nge7 8. O-O
exf4 9. Nxf4 O-O 10. Ncd5 Nxd5 11. Nxd5 Be6 12. Nf4 Qd7 13. Nxe6 fxe6 14. c3
Rxf1+ 15. Qxf1 Rf8 16. Qe2 b5 17. a3 a5 18. Be3 b4 19. axb4 axb4 20. Rc1 bxc3
21. bxc3 Ra8 22. Bh3 Qe7 23. Qg4 Re8 24. Qd1 Ne5 25. d4 Nc4 26. Bf2 Bh6 27. Ra1
Nd2 28. Bg2 cxd4 29. cxd4 Rf8 30. Ra2 Rb8 31. Rxd2 Bxd2 32. Qxd2 Rb1+ 33. Bf1
Qb7 34. Qe2 d5 35. e5 Qb6 36. h4 Rb2 37. Qf3 Rb1 38. Kg2 Rb2 39. Kh3 Qd8 40. Kg2
Qf8 41. Qe3 Qf5 42. Be2 h5 43. Kg1 Rb1+ 44. Kg2 Rb2 45. Bf3 Ra2 46. Be2 Rb2 47.
Bf1 Ra2 48. Kg1 Ra1 49. Qe2 Rc1 50. Qd2 Qb1 51. Qe2 Qf5 52. Kg2 Rc2 53. Qe3 Ra2
54. Qf3 Qxf3+ 55. Kxf3 Kf7 56. Be3 Ra3 57. Be2 Rb3 58. Bd1 Ra3 59. Ke2 Ra2+ 60.
Kd3 Ra3+ 61. Kd2 Ra2+ 62. Kc3 Ra3+ 63. Bb3 Ra1 64. Kb4 Rf1 65. Bf4 Rf3 66. Ba4
Rd3 67. Kc5 Ra3 68. Bc6 Ra2 69. Kd6 Rb2 70. Kd7 Rb6 71. Bg5 Ra6 72. Bd8 Ra7+ 73.
Bc7 Ra6 74. Bb8 Ra5 75. Kd8 Ra6 76. Be8+ Kf8 77. Bd6+ Kg7 78. Ke7 Ra8 79. Bd7 1-0

[Event "25th Czech Open A 2014"]
[Site "Pardubice CZE"]
[Date "2014.07.24"]
[Round "7.69"]
[White "Vokoun, Jan"]
[Black "Glantz, Robert"]
[Result "0-1"]
[WhiteTitle "FM"]
[BlackTitle "FM"]
[WhiteElo "2195"]
[BlackElo "2317"]
[WhiteFideId "301647"]
[BlackFideId "24629596"]
[EventDate "2014.07.18"]

1. e4 c5 2. c3 Nf6 3. e5 Nd5 4. Nf3 e6 5. d4 cxd4 6. cxd4 d6 7. Bd3 Nb4 8. Bb5+
Bd7 9. Be2 Bc6 10. O-O Nd7 11. Nbd2 dxe5 12. dxe5 Nb6 13. Nb3 Be7 14. a3 Qxd1
15. Rxd1 Nc2 16. Rb1 Rc8 17. Nbd4 Bd5 18. Bb5+ Kf8 19. Bf4 Nxd4 20. Nxd4 g5 21.
Be3 a6 22. Be2 Nc4 23. Rbc1 Kg7 24. Bxc4 Bxc4 25. f4 gxf4 26. Bxf4 Rhd8 27. Rc3
Kh8 28. Rg3 Rd7 29. Bh6 Rg8 30. Rc3 b5 31. Rd2 Bc5 32. Be3 Rgd8 33. b3 Rxd4 34.
Rxd4 Rxd4 35. bxc4 Rxc4 36. Rd3 Bxe3+ 37. Rxe3 Rc2 38. Rd3 Ra2 39. Rg3 Re2 40.
Rc3 Ra2 41. Rg3 Re2 42. Rc3 Re4 43. Kf2 Kg7 44. Kf3 Rxe5 45. Rc6 a5 46. Ra6 a4
47. Rb6 Rc5 48. g4 h5 49. h3 Rc3+ 50. Kg2 hxg4 51. hxg4 Rb3 52. Kf2 Kg6 53. Rb7
f6 54. Rb6 e5 55. Rb8 Kg5 56. Rb6 Kxg4 57. Rxf6 Rxa3 0-1

[Event "25th Czech Open A 2014"]
[Site "Pardubice CZE"]
[Date "2014.07.24"]
[Round "7.70"]
[White "Heimrath, Reiner"]
[Black "Nemcova, Katerina"]
[Result "0-1"]
[WhiteTitle "FM"]
[BlackTitle "WGM"]
[WhiteElo "2187"]
[BlackElo "2314"]
[WhiteFideId "4618866"]
[BlackFideId "322750"]
[EventDate "2014.07.18"]

1. e4 e5 2. Nf3 Nc6 3. Bc4 Bc5 4. b4 Bxb4 5. c3 Ba5 6. d4 exd4 7. O-O Nge7 8.
Ng5 Ne5 9. Qh5 g6 10. Qd1 Nxc4 11. Qxd4 O-O 12. Qxc4 d6 13. Qb3 Bb6 14. Na3 Nc6
15. Nc4 Bc5 16. Nb2 a6 17. Nd3 Bb6 18. Kh1 Qe7 19. Bd2 Bg4 20. f3 Bd7 21. Nf2
Na5 22. Qb4 Bc5 23. Qb1 Nc4 24. Qc1 Nxd2 25. Qxd2 Bb5 26. Ng4 f6 27. Qd5+ Kh8
28. c4 Bc6 29. Qe6 Qg7 30. Nxh7 Kxh7 31. e5 fxe5 32. Nxe5 Qxe5 33. Qh3+ Qh5 34.
Qg3 Rae8 35. Rae1 Bd4 36. f4 Bf6 37. f5 Rxe1 38. Rxe1 gxf5 39. Re6 Rg8 40. Qe1
Bxg2+ 0-1

[Event "25th Czech Open A 2014"]
[Site "Pardubice CZE"]
[Date "2014.07.24"]
[Round "7.71"]
[White "Galaktionov, Artem"]
[Black "Nayhebaver, Martin"]
[Result "0-1"]
[WhiteElo "2006"]
[BlackElo "2307"]
[WhiteFideId "24175471"]
[BlackFideId "14923432"]
[EventDate "2014.07.18"]

1. d4 Nf6 2. Nf3 e6 3. c4 b6 4. g3 Ba6 5. Qa4 Bb7 6. Bg2 c5 7. O-O Be7 8. Rd1
O-O 9. Nbd2 Nc6 10. dxc5 bxc5 11. Ne5 Nxe5 12. Bxb7 Rb8 13. Bg2 Qc7 14. f4 Nc6
15. Bxc6 Rb4 16. Qa6 dxc6 17. b3 e5 18. Nf3 Bd6 19. fxe5 Bxe5 20. Nxe5 Rb6 21.
Qa5 Qxe5 22. Bf4 Qe7 23. Qd2 Re8 24. Bd6 Qe6 25. Bxc5 Rb7 26. Qd6 Qe4 27. Qd3
Qe6 28. Qf3 Ne4 29. Bd4 Rbe7 30. Re1 Ng5 31. Qg2 Qg4 32. Bf2 Rxe2 33. Rxe2 Rxe2
34. Rf1 Nf3+ 35. Kh1 Rxa2 36. h3 Qe4 37. g4 h6 38. c5 Qe2 39. b4 Nh4 40. Re1
Qxe1+ 41. Bxe1 Nxg2 42. Bg3 Ne3 43. b5 cxb5 44. c6 Rc2 45. c7 Nd5 0-1

[Event "25th Czech Open A 2014"]
[Site "Pardubice CZE"]
[Date "2014.07.24"]
[Round "7.72"]
[White "Kutynec, Vladimir"]
[Black "Majer, Jiri"]
[Result "1-0"]
[WhiteTitle "IM"]
[BlackTitle "FM"]
[WhiteElo "2305"]
[BlackElo "2172"]
[WhiteFideId "4119843"]
[BlackFideId "307564"]
[EventDate "2014.07.18"]

1. Nf3 Nf6 2. c4 g6 3. Nc3 Bg7 4. e4 d6 5. d4 O-O 6. Be2 e5 7. O-O exd4 8. Nxd4
Re8 9. f3 c6 10. Nc2 Be6 11. Be3 a6 12. a4 Qe7 13. Qd2 Nfd7 14. Rfd1 Ne5 15. b3
Bf8 16. Nd4 Bc8 17. Rf1 f6 18. f4 Nf7 19. Bf3 a5 20. Nd1 Nd7 21. Nf2 Nc5 22.
Rfe1 Bg7 23. Rad1 Qc7 24. h4 Bd7 25. g4 Re7 26. f5 Rae8 27. Bf4 Qb6 28. Qc3 Ne5
29. Bg2 Qc7 30. Ne2 b5 31. cxb5 cxb5 32. axb5 Bxb5 33. Nd4 Ba6 34. Bf1 Bxf1 35.
Kxf1 Qb6 36. Re3 Nf7 37. Rde1 g5 38. Bg3 Qb7 39. Kg2 gxh4 40. Bxh4 Ng5 41. Qxa5
Ngxe4 42. Qb5 d5 43. b4 Qxb5 44. Nxb5 Nb7 45. Nc3 Nbd6 46. Nxd5 Re5 47. Nxf6+
Bxf6 48. Bxf6 1-0

[Event "25th Czech Open A 2014"]
[Site "Pardubice CZE"]
[Date "2014.07.24"]
[Round "7.73"]
[White "Tokranovs, Dmitrijs"]
[Black "Rodionova, Polina"]
[Result "1-0"]
[BlackTitle "WFM"]
[WhiteElo "2297"]
[BlackElo "2138"]
[WhiteFideId "11603011"]
[BlackFideId "24102555"]
[EventDate "2014.07.18"]

1. e4 e5 2. Nf3 Nc6 3. Bc4 Bc5 4. c3 Nf6 5. d4 exd4 6. cxd4 Bb4+ 7. Bd2 Bxd2+ 8.
Nbxd2 d5 9. exd5 Nxd5 10. Qb3 Na5 11. Qa4+ Nc6 12. Qb3 Na5 13. Qa4+ Nc6 14. Qb5
Nb6 15. O-O O-O 16. Qc5 Nxc4 17. Nxc4 Ne7 18. Rfe1 Nd5 19. Re5 c6 20. Rae1 Bg4
21. Nfd2 Nf4 22. R5e3 Ne6 23. Qe5 b5 24. Nd6 f6 25. Qg3 Nxd4 26. Re7 g6 27. Qxg4
Qxd6 28. Rd7 Rae8 29. Rxe8 Rxe8 30. Rxd6 Re1+ 31. Nf1 Ne2+ 32. Qxe2 Rxe2 33.
Rxc6 Rxb2 34. Ra6 1-0